000
00306nam a22001217a 4500
999
_c
13995
_d
13995
020
_a
978-969-210-289-6
082
_a
338
100
_a
Aziz, Sirajuddin
245
_a
Corporate Pakistan: Insights to Leadership & Governance
260
_a
Karachi
_b
Paramount Books
_c
2021
300
_a
438 pages
942
_c
BK